Urbanization and environment (Record no. 78591)

MARC details
000 -LEADER
fixed length control field 00681nam a2200157 a 4500
008 - FIXED-LENGTH DATA ELEMENTS--GENERAL INFORMATION
fixed length control field 120416s1972 ||||||||||||||||| || u
050 ## - LIBRARY OF CONGRESS CALL NUMBER
Classification number HT 151 Det
100 ## - MAIN ENTRY--PERSONAL NAME
Personal name Detwyler, Thomas R
245 10 - TITLE STATEMENT
Title Urbanization and environment
246 ## -
-- the physical geography of the city
260 ## - PUBLICATION, DISTRIBUTION, ETC.
Place of publication, distribution, etc. Belmont, Cal.
Name of publisher, distributor, etc. Duxbury P
Date of publication, distribution, etc. 1972
300 ## - PHYSICAL DESCRIPTION
Extent viii, 287p. : ill
350 ## -
-- 0.00
995 ## -
-- MAIN LIBRARY OPEN ACCESS
-- 0.00
-- 703403
-- CBU-MAIN LIBRARY (Kitwe)
-- 1
-- 0.00
-- HT 151 Det
-- 1
-- AVAILABLE
-- 008247
-- Main Library Open Access Collection
995 ## -
-- BINDERY (DAMAGED)
-- 0.00
-- 706370
-- CBU-MAIN LIBRARY (Kitwe)
-- 2
-- 0.00
-- HT 151 Det
-- 1
-- DAMAGED
-- 008246
-- Main Library Open Access Collection
999 ## -
-- 78591
-- 78591
Holdings
Withdrawn status Lost status Source of classification or shelving scheme Damaged status Not for loan Permanent Location Current Location Shelving location Date acquired Total Checkouts Full call number Barcode Date last seen Copy number Price effective from Koha item type
          CBU-MAIN LIBRARY, KITWE. CBU-MAIN LIBRARY, KITWE.   05/17/2023   HT 151 Det 008247 05/17/2023 1 05/17/2023 MONOGRAPH
          CBU-MAIN LIBRARY, KITWE. CBU-MAIN LIBRARY, KITWE.   05/17/2023   HT 151 Det 008246 05/17/2023 2 05/17/2023 MONOGRAPH